Themed General Knowledge Questions #16 - Statistics

General Stats
  • This quiz has been taken 32 times
  • The average score is 6 of 10
Answer Stats
Question Answer % Correct
Which of these countries are not in Asia? Burkina Faso
93%
What gives plants a green colour? Chlorophyll
93%
Who drew the Mona Lisa? Da Vinci
93%
What book series did Beatrix Potter write? Peter Rabbit
93%
What form of art did Picasso pioneer? Cubism
77%
What are Assam and Ceylon types of? Types of tea
73%
What is the last book of the Old Testament? Malachi
33%
What is a twenty-faced polyhedron called? Icosahedron
27%
Which of these is not a non-Newtonian fluid? Oil
23%
C flat is also known as... B
13%
No matching quizzes found
Score Distribution
Percent of People with Each Score
Percentile by Number Answered
Your Score History
You have not taken this quiz